00582nam a2200181Ia 450000500170000000800410001702000150005804000180007304100080009108200200009910000210011924500870014025000120022726000570023930000240029665000470032065000330036720220618105829.0210716s1994 xx 000 0 und d a812030845X cAIMIT LIBRARY aeng a511.4222bMATJ aMathews, John H. aNumerical methods: bfor mathematics science and engineering /cBy John H Mathews. a2nd ed. aNew Delhi :bPrentice Hall of India PVt Ltd ,c1994. ax,646p. ;c23.5 cm. aSolution of partial differential equations aEigenvalues and eigenvectors